Popularne polskie piosenki w tym tygodniu. 09-15.04 - Statystyki

Ogólne statystyki
  • Ten quiz został rozwiązany 7 razy
  • Średni wynik to 9 z 30
Statystyki odpowiedzi
Wykonawca Wyświetlenia Utwór % Poprawnych
Ekipa 5.10M 3KIPA
86%
Mata 5.03M Patoreakcja
71%
Sanah ft. Vito Bambino 3.14M Ale jazz!
57%
Guzior ft. Oskar83 1.06M FALA
57%
Sobel 2.34M Fiołkowe Pole
57%
Kabe 796K Nad ranem
57%
Sanah 2.06M 2:00
43%
Sobel 1.40M Bandyta
43%
ReTo 597K Billy Kid
43%
Defis & MiłyPan 1.12M Musisz się starać
43%
Wiatr ft. Sobel, Be Vis 721K Testarossa
43%
Ekipa ft. Qry 8.80M ZAEBYŚCIE
43%
Sobel 976K Alien
29%
Lipa ft. Kabe 960K Bezprawie
29%
Guzior 1.18M BLUEBERRY
29%
Sobel 754K Każdego Dnia
29%
Sobel 965K Kinol
29%
KęKę 619K Nie Mów Mi
29%
ReTo 2.61M Paw
29%
OIO 756K Przypadkiem
29%
Kabe 600K Słuchaj Bracie
29%
Krzysztof Krawczyk 976K Bo jesteś ty
14%
BARANOVSKI 707K Lubię być z nią
14%
Avi & Louis Villain 613K Evviva I' arte
0%
Bayera 668K Lalę Poznałem
0%
Aymi 980K Nieważne
0%
Vivat 730K Oddam ci wszystko
0%
Sylwia Grzeszczak 677K Prawda o nas
0%
Maciej Musiałowski & Julia Wieniawa 889K Zabierz tę miłość
0%
Daria Zawiałow ft. Dawid Podsiadło 985K Za krótki sen
0%
Nie znaleziono quizów pasujących do podanych kryteriów
Rozkład punktacji
Procent ludzi z każdym wynikiem
Percentyl według liczby udzielonych odpowiedzi
Twoja historia wyników
Nie rozwiązałeś tego quizu